Statistics for 道の駅

Click here to take the quiz!

General Stats

  • This quiz has been taken 45 times
  • The average score is 68 of 1204

Answer Stats

Pref.Answer% Correct
静岡県富士
35%
山口県あさひ
35%
山梨県つる
35%
秋田県おが
31%
栃木県日光
27%
青森県ふかうら
27%
山梨県富士川
27%
岩手県くじ
27%
岩手県みやこ
27%
青森県ひろさき
23%
宮崎県えびの
23%
京都府
23%
山梨県なんぶ
23%
山梨県どうし
23%
福島県なみえ
23%
青森県はしかみ
23%
北海道わっかない
23%
静岡県天城越え
23%
群馬県おおた
23%
愛知県もっくる新城
23%
京都府お茶の京都 みなみやましろ村
19%
静岡県朝霧高原
19%
滋賀県草津
19%
長野県おがわ
19%
熊本県うき
19%
大分県 | 岩手県おおの
19%
熊本県人吉
19%
福岡県香春
19%
愛知県とよはし
19%
岐阜県パスカル清見
19%
青森県しちのへ
19%
青森県いなかだて
19%
福井県九頭竜
19%
青森県さんのへ
19%
青森県しんごう
19%
茨城県たまつくり
19%
宮崎県 | 青森県なんごう
19%
青森県みさわ
19%
福岡県うきは
19%
宮崎県高千穂
19%
青森県よこはま
19%
福井県 | 茨城県さかい
19%
兵庫県 | 栃木県はが
19%
青森県浅虫温泉
19%
愛知県したら
15%
三重県飯高駅
15%
青森県虹の湖
15%
三重県紀宝町ウミガメ公園
15%
滋賀県しんあさひ風車村
15%
滋賀県アグリパーク竜王
15%
岩手県石鳥谷
15%
青森県ろくのへ
15%
青森県とわだ
15%
千葉県とみうら
15%
愛知県にしお岡ノ山
15%
山梨県かつやま
15%
千葉県しょうなん
15%
埼玉県ちちぶ
15%
千葉県いちかわ
15%
東京都八王子滝山
15%
神奈川県箱根峠
15%
新潟県朝日
15%
富山県細入
15%
富山県上平
15%
富山県氷見
15%
富山県雨晴
15%
福井県三方五湖
15%
山梨県なるさわ
15%
山梨県にらさき
15%
山梨県富士吉田
15%
愛知県あかばねロコステーション
15%
茨城県いたこ
15%
山梨県たばやま
15%
山梨県こすげ
15%
長野県信州新町
15%
長野県白馬
15%
長野県しなの
15%
長野県小谷
15%
長野県木曽福島
15%
静岡県宇津ノ谷峠
15%
静岡県富士川楽座
15%
静岡県伊東マリンタウン
15%
宮城県おながわ
15%
愛知県どんぐりの里 いなぶ
15%
愛知県デンパーク安城
15%
北海道しゃり
15%
愛知県田原めっくんはうす
15%
熊本県阿蘇
15%
北海道びふか
15%
北海道おといねっぷ
15%
福岡県小石原
15%
高知県大月
15%
北海道ほっと♡はぼろ
15%
福岡県うすい
15%
福岡県むなかた
15%
宮崎県高岡
15%
福岡県くるめ
15%
北海道あさひかわ
15%
宮崎県くしま
15%
熊本県
15%
佐賀県大和
15%
福井県うみんぴあ大飯
12%
熊本県大津
12%
秋田県にしめ
12%
長野県あおき
12%
栃木県しもつけ
12%
静岡県川根温泉
12%
福井県シーサイド高浜
12%
愛知県藤川宿
12%
佐賀県しろいし
12%
静岡県奥大井音戯の郷
12%
栃木県どまんなか たぬま
12%
静岡県フォーレなかかわね茶茗舘
12%
静岡県いっぷく処横川
12%
静岡県くんま水車の里
12%
静岡県玉露の里
12%
長崎県生月大橋
12%
静岡県天竜相津 花桃の里
12%
静岡県伊豆月ケ瀬
12%
福井県西山公園
12%
熊本県小国
12%
福井県越前
12%
愛知県伊良湖クリスタルポルト
12%
千葉県やちよ
12%
愛知県豊根グリーンポート宮嶋
12%
静岡県伊豆ゲートウェイ函南
12%
愛知県つくで手作り村
12%
愛知県立田ふれあいの里
12%
岐阜県柳津
12%
静岡県潮見坂
12%
静岡県掛川
12%
熊本県波野
12%
熊本県旭志
12%
静岡県伊豆のへそ
12%
宮崎県フェニックス
12%
岐阜県加子母
12%
長野県北信州やまのうち
12%
大分県いんない
12%
岐阜県白山文化の里長滝
12%
長野県信越さかえ
12%
岐阜県美濃白川
12%
岐阜県花街道付知
12%
岐阜県明宝
12%
山形県米沢
12%
岐阜県美並
12%
北海道スタープラザ 芦別
12%
大分県きよかわ
12%
福島県ならは
12%
長野県遠山郷
12%
長野県信濃路下條
12%
長野県奈良井木曽の大橋
12%
長野県大桑
12%
福島県南相馬
12%
長野県日義木曽駒高原
12%
長野県野沢温泉
12%
岐阜県賤母
12%
大分県くにみ
12%
栃木県もてぎ
12%
茨城県ごか
12%
宮崎県つの
12%
佐賀県鹿島
12%
宮崎県日向
12%
宮崎県都城
12%
秋田県十文字
12%
山梨県南きよさと
12%
山梨県しらね
12%
山梨県こぶちさわ
12%
宮崎県酒谷
12%
岐阜県白川郷
12%
宮崎県田野
12%
茨城県しもつま
12%
宮崎県北浦
12%
山形県寒河江
12%
岐阜県ななもり清見
12%
岐阜県土岐美濃焼街道
12%
茨城県かつら
12%
福島県ふくしま
12%
佐賀県山内
12%
愛知県瀬戸しなの
12%
三重県菰野
12%
北海道江差
12%
青森県たいらだて
12%
大阪府ちはやあかさか
12%
石川県しらやまさん
12%
北海道いわない
12%
青森県こどまり
12%
北海道しらぬか恋問
12%
新潟県新潟ふるさと村
12%
青森県いかりがせき
12%
福岡県豊前おこしかけ
12%
富山県カモンパーク新湊
12%
北海道摩周温泉
12%
高知県大杉
12%
青森県いまべつ
12%
沖縄県いとまん
12%
埼玉県はなぞの
12%
北海道夕張メロード
12%
青森県十三湖高原
12%
青森県なみおか
12%
青森県わきのさわ
12%
富山県庄川
12%
高知県大山
12%
富山県たいら
12%
北海道るもい
12%
石川県瀬女
12%
青森県かわうち湖
12%
島根県たたらば壱番地
12%
福岡県いとだ
12%
福井県名田庄
12%
北海道厚岸グルメパーク
12%
三重県伊勢志摩
12%
三重県紀伊長島マンボウ
12%
愛媛県 | 新潟県みかわ
12%
栃木県ましこ
12%
北海道南ふらの
12%
福岡県みやま
12%
福井県河野
12%
兵庫県みつ
12%
北海道えんべつ富士見
12%
石川県内灘サンセットパーク
12%
岩手県たのはた
12%
福岡県おおとう桜街道
12%
埼玉県おがわまち
12%
群馬県川場田園プラザ
12%
兵庫県あわじ
12%
新潟県あらい
12%
北海道忠類
12%
奈良県針T・R・S
12%
新潟県神林
8%
新潟県豊栄
8%
新潟県加治川
8%
大分県なかつ
8%
福井県若狭熊川宿
8%
神奈川県足柄・金太郎のふるさと
8%
千葉県季楽里あさひ
8%
千葉県きょなん
8%
長野県雷電くるみの里
8%
千葉県富楽里とみやま
8%
千葉県白浜野島崎
8%
千葉県発酵の里こうざき
8%
長野県オアシスおぶせ
8%
熊本県そよ風パーク
8%
神奈川県清川
8%
熊本県あそ望の郷くぎの
8%
千葉県保田小学校
8%
長野県信州蔦木宿
8%
千葉県木更津 うまくたの里
8%
長野県池田
8%
神奈川県山北
8%
大分県佐賀関
8%
富山県福光
8%
新潟県能生
8%
鹿児島県霧島
8%
福井県みくに
8%
福井県若狭おばま
8%
鹿児島県いぶすき
8%
石川県あなみず
8%
石川県こまつ木場潟
8%
鹿児島県桜島
8%
石川県山中温泉 ゆけむり健康村
8%
石川県倶利伽羅 源平の郷
8%
福井県一乗谷あさくら水の駅
8%
福井県越前おおの荒島の郷
8%
石川県のと里山空港
8%
石川県一向一揆の里
8%
石川県ころ柿の里しか
8%
石川県輪島
8%
宮崎県北川はゆま
8%
沖縄県許田
8%
富山県ウェーブパークなめりかわ
8%
富山県うなづき
8%
福井県越前たけふ
8%
福井県蓮如の里あわら
8%
山梨県とみざわ
8%
山梨県甲斐大和
8%
山梨県しもべ
8%
山梨県とよとみ
8%
富山県井波
8%
富山県利賀
8%
新潟県親不知ピアパーク
8%
宮崎県青雲橋
8%
新潟県関川
8%
愛媛県八幡浜みなっと
8%
岐阜県ひだ朝日村
8%
長野県ビーナスライン蓼科湖
8%
福岡県たちばな
8%
京都府舞鶴港とれとれセンター
8%
高知県四万十大正
8%
高知県ゆすはら
8%
高知県南国風良里
8%
高知県美良布
8%
高知県土佐さめうら
8%
高知県ビオスおおがた
8%
福岡県原鶴
8%
京都府舟屋の里伊根
8%
福岡県しんよしとみ
8%
福岡県歓遊舎ひこさん
8%
大阪府みさき
8%
滋賀県奥永源寺 渓流の里
8%
滋賀県妹子の郷
8%
滋賀県せせらぎの里こうら
8%
福岡県おおき
8%
滋賀県塩津海道あぢかまの里
8%
滋賀県伊吹の里
8%
滋賀県藤樹の里あどがわ
8%
滋賀県マキノ追坂峠
8%
滋賀県アグリの郷栗東
8%
滋賀県湖北みずどりステーション
8%
滋賀県こんぜの里りっとう
8%
大阪府かなん
8%
兵庫県しんぐう
8%
滋賀県びわ湖大橋米プラザ
8%
島根県頓原
8%
山口県願成就温泉
8%
山口県あいお
8%
愛媛県天空の郷さんさん
8%
山口県萩往還
8%
広島県たかの
8%
岡山県奥津温泉
8%
岡山県蒜山高原
8%
島根県奥出雲おろちループ
8%
島根県瑞穂
8%
島根県ゆうひパーク三隅
8%
島根県ゆうひパーク浜田
8%
鳥取県若桜
8%
兵庫県みき
8%
鳥取県はわい
8%
鳥取県大栄
8%
和歌山県たいじ
8%
和歌山県すさみ
8%
和歌山県虫喰岩
8%
和歌山県しみず
8%
高知県すくも
8%
奈良県伊勢本街道 御杖
8%
奈良県大和路へぐり
8%
奈良県宇陀路室生
8%
奈良県宇陀路大宇陀
8%
滋賀県近江母の郷
8%
滋賀県くつき新本陣
8%
長野県信州平谷
8%
岐阜県南飛騨小坂
8%
岐阜県桜の郷 荘川
8%
岐阜県大日岳
8%
岐阜県飛騨たかね工房
8%
岐阜県そばの郷 らっせぃみさと
8%
山口県上関海峡
8%
熊本県清和文楽邑
8%
岐阜県飛騨街道 なぎさ
8%
岐阜県クレール平田
8%
岐阜県きりら坂下
8%
岐阜県富有柿の里いとぬき
8%
岐阜県モンデウス飛騨位山
8%
岐阜県古今伝授の里やまと
8%
岐阜県アルプ飛騨古川
8%
岐阜県星のふる里 ふじはし
8%
岐阜県ロック・ガーデン ひちそう
8%
岐阜県奥飛騨温泉郷上宝
8%
岐阜県ラステンほらど
8%
熊本県通潤橋
8%
長野県南信州 うるぎ
8%
長野県南信州とよおかマルシェ
8%
長野県木曽川源流の里 きそむら
8%
長野県三岳
8%
長野県木曽ならかわ
8%
岐阜県むげ川
8%
岐阜県茶の里東白川
8%
三重県いが
8%
静岡県風のマルシェ 御前崎
8%
三重県関宿
8%
三重県茶倉駅
8%
三重県海山
8%
福岡県筑前みなみの里
8%
佐賀県吉野ヶ里
8%
佐賀県太良
8%
愛知県筆柿の里・幸田
8%
長崎県昆虫の里たびら
8%
愛知県アグリステーションなぐら
8%
愛知県つぐ高原グリーンパーク
8%
愛知県鳳来三河三石
8%
静岡県すばしり
8%
岐阜県和良
8%
静岡県開国下田みなと
8%
熊本県坂本
8%
熊本県不知火
8%
熊本県鹿北
8%
岐阜県飛騨白山
8%
岐阜県美濃にわか茶屋
8%
岐阜県五木のやかた・かわうえ
8%
岐阜県飛騨古川いぶし
8%
岐阜県おばあちゃん市・山岡
8%
岐阜県志野・織部
8%
岐阜県うすずみ桜の里・ねお
8%
北海道三笠
8%
島根県あらエッサ
8%
岩手県錦秋湖
8%
茨城県まくらがの里 こが
8%
北海道なかさつない
8%
茨城県グランテラス筑西
8%
福島県安達
8%
北海道オスコイ!かもえない
8%
茨城県ひたちおおた
8%
茨城県常陸大宮
8%
茨城県日立おさかなセンター
8%
秋田県かみおか
8%
栃木県にのみや
8%
秋田県かづの
8%
茨城県奥久慈だいご
8%
福島県そうま
8%
秋田県ふたつい
8%
宮城県さんさん南三陸
8%
北海道おこっぺ
8%
福島県はなわ
8%
北海道おびら鰊番屋
8%
福島県たじま
8%
北海道なとわ・えさん
8%
北海道コスモール大樹
8%
秋田県あきた港
8%
群馬県上野
8%
山形県あつみ
8%
山形県河北
8%
栃木県サシバの里いちかい
8%
栃木県やいた
8%
群馬県くろほね・やまびこ
8%
秋田県大館能代空港
8%
栃木県みぶ
8%
群馬県よしおか温泉
8%
栃木県思川
8%
栃木県みかも
8%
北海道花ロードえにわ
8%
秋田県さんない
8%
北海道くろまつない
8%
群馬県富弘美術館
8%
秋田県しょうわ
8%
北海道たきかわ
8%
北海道ハウスヤルビ奈井江
8%
茨城県みわ
8%
北海道あいおい
8%
埼玉県いちごの里 よしみ
8%
青森県みんまや
8%
埼玉県めぬま
8%
青森県つるた
8%
青森県おがわら湖
8%
岩手県紫波
8%
岩手県平泉
8%
埼玉県かぞわたらせ
8%
青森県奥入瀬
8%
北海道かみゆうべつ温泉チューリップの湯
8%
埼玉県はにゅう
8%
北海道まるせっぷ
8%
岩手県区界高原
8%
岩手県かわさき
8%
岩手県いわいずみ
8%
宮城県七ヶ宿
8%
青森県もりた
8%
埼玉県大滝温泉
8%
宮城県大谷海岸
8%
北海道とようら
8%
北海道サーモンパーク千歳
8%
岩手県やまだ
8%
埼玉県川口・あんぎょう
8%
北海道望羊中山
8%
北海道メルヘンの丘めまんべつ
8%
宮城県あ・ら・伊達な道の駅
8%
埼玉県あらかわ
8%
北海道オーロラタウン93りくべつ
8%
長崎県させぼっくす 99
8%
北海道YOU・遊・もり
8%
愛媛県どんぶり館
4%
北海道絵本の里けんぶち
4%
山口県阿武町
4%
広島県スパ羅漢
4%
岡山県かよう
4%
愛媛県霧の森
4%
広島県三矢の里あきたかた
4%
広島県豊平どんぐり村
4%
北海道真狩フラワーセンター
4%
北海道鐘のなるまち・ちっぷべつ
4%
広島県たけはら
4%
山口県きくがわ
4%
広島県来夢とごうち
4%
愛媛県津島やすらぎの里
4%
香川県みろく
4%
山口県北浦街道 豊北
4%
山口県長門峡
4%
愛媛県マイントピア別子
4%
徳島県くるくる なると
4%
徳島県いたの
4%
徳島県大歩危
4%
香川県恋人の聖地 うたづ臨海公園
4%
徳島県日和佐
4%
香川県ながお
4%
岡山県彩菜茶屋
4%
愛媛県瀬戸農業公園
4%
徳島県宍喰温泉
4%
徳島県鷲の里
4%
山口県ピュアラインにしき
4%
山口県センザキッチン
4%
愛媛県ふたみ
4%
山口県ソレーネ周南
4%
香川県瀬戸大橋記念公園
4%
北海道うりまく
4%
山口県萩しーまーと
4%
愛媛県伊方きらら館
4%
山口県仁保の郷
4%
愛媛県みま
4%
岡山県久米の里
4%
島根県大社ご縁広場
4%
岡山県風の家
4%
兵庫県ちくさ
4%
奈良県吉野路 上北山
4%
奈良県吉野路 大塔
4%
兵庫県山田錦発祥のまち・多可
4%
埼玉県和紙の里ひがしちちぶ
4%
兵庫県丹波おばあちゃんの里
4%
兵庫県あいおい白龍城
4%
兵庫県いながわ
4%
兵庫県フレッシュあさご
4%
北海道なないろ・ななえ
4%
兵庫県ハチ北
4%
兵庫県あおがき
4%
兵庫県みなみ波賀
4%
兵庫県村岡ファームガーデン
4%
兵庫県神鍋高原
4%
兵庫県あさご
4%
奈良県吉野路 黒滝
4%
京都府海の京都 宮津
4%
京都府京丹波 味夢の里
4%
京都府丹波マーケス
4%
京都府てんきてんき丹後
4%
青森県津軽白神
4%
岩手県高田松原
4%
滋賀県竜王かがみの里
4%
岩手県たろう
4%
岩手県みやもり
4%
滋賀県東近江市あいとうマーガレットステーション
4%
滋賀県あいの土山
4%
三重県熊野・花の窟
4%
三重県津かわげ
4%
三重県あやま
4%
奈良県杉の湯 川上
4%
北海道しかべ間歇泉公園
4%
北海道☆ロマン街道しょさんべつ
4%
島根県赤来高原
4%
岡山県鯉が窪
4%
岡山県あわくらんど
4%
岡山県がいせん桜 新庄宿
4%
岡山県かもがわ円城
4%
長野県田切の里
4%
島根県むいかいち温泉
4%
島根県匹見峡
4%
島根県さくらの里きすき
4%
島根県津和野温泉なごみの里
4%
島根県秋鹿なぎさ公園
4%
島根県シルクウェイにちはら
4%
島根県湯の川
4%
島根県キララ多伎
4%
島根県かきのきむら
4%
北海道もち米の里☆なよろ
4%
北海道みそぎの郷 きこない
4%
北海道しんしのつ
4%
奈良県かつらぎ
4%
奈良県飛鳥
4%
和歌山県熊野古道中辺路
4%
和歌山県一枚岩
4%
和歌山県なち
4%
和歌山県くしもと橋杭岩
4%
和歌山県かつらぎ西
4%
北海道流氷街道網走
4%
鳥取県三朝・楽市楽座
4%
鳥取県ポート赤碕
4%
鳥取県はっとう
4%
鳥取県犬挟
4%
鳥取県きなんせ岩美
4%
島根県掛合の里
4%
愛媛県なかやま
4%
千葉県三芳村
4%
北海道シェルプラザ・港
4%
大分県くにさき
4%
宮崎県とうごう
4%
北海道マリーンアイランド岡島
4%
宮崎県山之口
4%
北海道阿寒丹頂の里
4%
北海道おとふけ
4%
大分県のつはる
4%
大分県慈恩の滝 くす
4%
北海道ピンネシリ
4%
大分県すごう
4%
大分県童話の里 くす
4%
北海道上ノ国もんじゅ
4%
大分県ながゆ温泉
4%
大分県かまえ
4%
大分県水辺の郷おおやま
4%
大分県みえ
4%
北海道オホーツク紋別
4%
大分県ゆふいん
4%
大分県鯛生金山
4%
大分県やよい
4%
大分県せせらぎ郷かみつえ
4%
大分県あさじ
4%
大分県耶馬トピア
4%
大分県やまくに
4%
北海道マオイの丘公園
4%
大分県竹田
4%
大分県宇目
4%
大分県原尻の滝
4%
熊本県東陽
4%
熊本県宮地岳かかしの里
4%
北海道樹海ロード日高
4%
北海道おんねゆ温泉
4%
北海道てっくいランド大成
4%
熊本県﨑津
4%
鹿児島県たからべ
4%
沖縄県サンライズひがし
4%
沖縄県ぎのざ
4%
沖縄県豊崎
4%
沖縄県喜名番所
4%
沖縄県かでな
4%
沖縄県ゆいゆい国頭
4%
沖縄県おおぎみ
4%
鹿児島県たるみずはまびら
4%
鹿児島県野方あらさの
4%
鹿児島県錦江にしきの里
4%
鹿児島県山川港活お海道
4%
鹿児島県黒之瀬戸だんだん市場
4%
鹿児島県すえよし
4%
鹿児島県たるみず
4%
鹿児島県おおすみ弥五郎伝説の里
4%
北海道よってけ!島牧
4%
鹿児島県松山
4%
宮崎県北方よっちみろ屋
4%
北海道あっさぶ
4%
宮崎県きたごう
4%
鹿児島県喜入
4%
北海道みついし
4%
鹿児島県樋脇
4%
鹿児島県阿久根
4%
鹿児島県きんぽう木花館
4%
鹿児島県長島
4%
鹿児島県くにの松原おおさき
4%
鹿児島県根占
4%
鹿児島県川辺やすらぎの郷
4%
鹿児島県奄美大島住用
4%
北海道サンフラワー北竜
4%
熊本県天草市イルカセンター
4%
熊本県芦北でこぽん
4%
北海道ひがしかわ「道草館」
4%
北海道なかがわ
4%
佐賀県うれしの まるく
4%
北海道うたしないチロルの湯
4%
北海道つるぬま
4%
佐賀県桃山天下市
4%
佐賀県伊万里
4%
佐賀県厳木
4%
北海道つど~る・プラザ・さわら
4%
北海道知床・らうす
4%
北海道さらべつ
4%
北海道だて歴史の杜
4%
北海道自然体感しむかっぷ
4%
北海道にしおこっぺ花夢
4%
北海道はなやか(葉菜野花)小清水
4%
北海道ライスランドふかがわ
4%
福岡県おおむた
4%
北海道さるふつ公園
4%
高知県かわうその里すさき
4%
北海道しらたき
4%
北海道しかおい
4%
高知県布施ヶ坂
4%
高知県キラメッセ室戸
4%
高知県土佐和紙工芸村
4%
北海道むかわ四季の館
4%
高知県あぐり窪川
4%
岩手県遠野風の丘
4%
高知県やす
4%
高知県田野駅屋
4%
高知県四万十とおわ
4%
高知県なぶら土佐佐賀
4%
北海道らんこし・ふるさとの丘
4%
北海道ぐるっとパノラマ美幌峠
4%
北海道森と湖の里ほろかない
4%
長崎県彼杵の荘
4%
熊本県すいかの里 植木
4%
北海道香りの里たきのうえ
4%
熊本県水辺プラザかもと
4%
熊本県うしぶか海彩館
4%
熊本県上天草さんぱーる
4%
熊本県美里「佐俣の湯」
4%
熊本県大野温泉
4%
北海道ニセコビュープラザ
4%
北海道しりうち
4%
熊本県みなまた
4%
北海道横綱の里ふくしま
4%
熊本県宇土マリーナ
4%
熊本県子守唄の里 五木
4%
熊本県たのうら
4%
北海道サラブレッドロード新冠
4%
熊本県竜北
4%
熊本県きくすい
4%
長崎県さいかい
4%
北海道愛ランド湧別
4%
長崎県夕陽が丘そとめ
4%
長崎県松浦海のふるさと館
4%
長崎県遣唐使ふるさと館
4%
長崎県鷹ら島
4%
長崎県長崎街道鈴田峠
4%
北海道おうむ
4%
北海道サロマ湖
4%
熊本県泗水
4%
北海道スペース・アップルよいち
4%
北海道とうま
4%
北海道みたら室蘭
4%
熊本県有明
4%
北海道田園の里うりゅう
4%
熊本県七城メロンドーム
4%
北海道てしお
4%
沖縄県やんばるパイナップルの丘安波
4%
岩手県さんりく
4%
岐阜県宙ドーム・神岡
4%
石川県めぐみ白山
4%
福井県パークイン丹生ヶ丘
4%
栃木県うつのみや ろまんちっく村
4%
栃木県にしかた
4%
栃木県湯西川
4%
栃木県那須野が原博物館
4%
福井県禅の里
4%
福井県恐竜渓谷かつやま
4%
栃木県那須与一の郷
4%
石川県すずなり
4%
栃木県きつれがわ
4%
栃木県東山道伊王野
4%
福井県若狭美浜はまびより
4%
岐阜県月見の里 南濃
4%
栃木県ばとう
4%
山梨県みとみ
4%
岐阜県夜叉ヶ池の里さかうち
4%
茨城県常総
4%
茨城県かさま
4%
岐阜県半布里の郷 とみか
4%
石川県狼煙
4%
山梨県花かげの郷まきおか
4%
岐阜県清流の里しろとり
4%
群馬県万葉の里
4%
静岡県花の三聖苑伊豆松崎
4%
富山県万葉の里 高岡
4%
群馬県みょうぎ
4%
秋田県おがち
4%
岐阜県パレットピアおおの
4%
石川県千枚田ポケットパーク
4%
石川県高松
4%
石川県なかじまロマン峠
4%
群馬県六合
4%
石川県赤神
4%
石川県とぎ海街道
4%
群馬県ららん藤岡
4%
群馬県白沢
4%
群馬県みなかみ水紀行館
4%
石川県のとじま
4%
岐阜県清流白川 クオーレの里
4%
岐阜県池田温泉
4%
石川県能登食祭市場
4%
秋田県あに
4%
山梨県はくしゅう
4%
群馬県たくみの里
4%
福島県ひらた
4%
長野県今井 恵みの里
4%
長野県ヘルシーテラス佐久南
4%
山形県おおえ
4%
長野県いくさかの郷
4%
福島県よつくら港
4%
山形県天童温泉
4%
山形県尾花沢
4%
山形県白鷹ヤナ公園
4%
山形県川のみなと長井
4%
福島県ばんだい
4%
福島県つちゆ
4%
三重県美杉
4%
福島県川俣
4%
長野県歌舞伎の里大鹿
4%
長野県大芝高原
4%
福島県しもごう
4%
福島県たまかわ
4%
福島県にしあいづ
4%
長野県信州新野千石平
4%
長野県美ヶ原高原
4%
山形県白い森おぐに
4%
山梨県みのぶ 富士川観光センター
4%
長野県みまき
4%
茨城県さとみ
4%
秋田県美郷
4%
岐阜県みのかも
4%
長野県長野市大岡特産センター
4%
秋田県こさか七滝
4%
岐阜県織部の里・もとす
4%
福島県国見 あつかしの郷
4%
福島県猪苗代
4%
山形県月山
4%
長野県花の駅 千曲川
4%
長野県ふるさと豊田
4%
岐阜県馬瀬 美輝の里
4%
長野県安曇野松川
4%
岐阜県夢さんさん谷汲
4%
長野県風穴の里
4%
岐阜県上矢作ラ・フォーレ福寿の里
4%
岐阜県飛騨金山ぬく森の里温泉
4%
長野県さかきた
4%
長野県ぽかぽかランド美麻
4%
群馬県しもにた
4%
石川県のと千里浜
4%
埼玉県おかべ
4%
群馬県まえばし赤城
4%
岩手県石神の丘
4%
静岡県ふじおやま
4%
千葉県多古
4%
千葉県風和里しばやま
4%
岩手県雫石あねっこ
4%
千葉県あずの里いちはら
4%
群馬県八ッ場ふるさと館
4%
宮城県三滝堂
4%
千葉県くりもと
4%
静岡県下賀茂温泉 湯の花
4%
群馬県赤城の恵
4%
千葉県水の郷さわら
4%
宮城県村田
4%
千葉県ちくら・潮風王国
4%
岩手県青の国ふだい
4%
宮城県津山
4%
新潟県風の丘米山
4%
岩手県釜石仙人峠
4%
静岡県くるら戸田
4%
宮城県上品の郷
4%
群馬県尾瀬かたしな
4%
新潟県越後市振の関
4%
群馬県玉村宿
4%
千葉県オライはすぬま
4%
千葉県南房パラダイス
4%
千葉県ながら
4%
埼玉県庄和
4%
新潟県笹川流れ
4%
千葉県たけゆらの里おおたき
4%
新潟県じょんのびの里高柳
4%
埼玉県龍勢会館
4%
新潟県燕三条地場産センター
4%
秋田県かみこあに
4%
群馬県甘楽
4%
千葉県みのりの郷東金
4%
宮城県三本木
4%
埼玉県アグリパークゆめすぎと
4%
富山県砺波
4%
群馬県ふじみ
4%
三重県奥伊勢おおだい
4%
千葉県鴨川オーシャンパーク
4%
埼玉県みなの
4%
埼玉県かわもと
4%
埼玉県果樹公園あしがくぼ
4%
岩手県おりつめ
4%
新潟県うみてらす名立
4%
宮城県かくだ
4%
千葉県ローズマリー公園
4%
埼玉県両神温泉薬師の湯
4%
千葉県ふれあいパーク・きみつ
4%
秋田県たかのす
4%
新潟県クロス10十日町
4%
北海道あしょろ銀河ホール21
4%
北海道ピア21しほろ
4%
北海道ルート229元和台
4%
北海道230ルスツ
4%
福島県きらら289
4%
北海道スワン44ねむろ
4%
高知県633美の里
4%
長野県FARMUS 木島平
4%
北海道そうべつ情報館i(アイ)
4%
広島県舞ロードIC千代田
4%
山口県うり坊の郷katamata
4%
富山県KOKOくろべ
4%
京都府くみはまSANKAIKAN
4%
和歌山県San Pin 中津
4%
千葉県和田浦 WA・O!
4%
福島県番屋
0%
千葉県むつざわスマートウェルネスタウン・道の駅・つどいの郷
0%
福島県ふるどの
0%
福島県季の里天栄
0%
福島県奥会津かねやま
0%
愛媛県広見森の三角ぼうし
0%
長野県女神の里たてしな
0%
愛媛県日吉夢産地
0%
香川県小豆島オリーブ公園
0%
香川県小豆島ふるさと村
0%
香川県空の夢もみの木パーク
0%
香川県しおのえ
0%
香川県滝宮
0%
香川県ことなみ
0%
福島県尾瀬街道みしま宿
0%
香川県とよはま
0%
香川県たからだの里さいた
0%
香川県大坂城残石記念公園
0%
香川県香南楽湯
0%
香川県源平の里むれ
0%
福島県羽鳥湖高原
0%
愛媛県ひろた
0%
愛媛県うわじま きさいや広場
0%
長野県和田宿ステーション
0%
愛媛県内子フレッシュパークからり
0%
愛媛県きなはい屋しろかわ
0%
愛媛県今治湯ノ浦温泉
0%
愛媛県虹の森公園まつの
0%
千葉県おおつの里
0%
愛媛県今治市多々羅しまなみ公園
0%
愛媛県しまなみの駅御島
0%
愛媛県小松オアシス
0%
愛媛県清流の里ひじかわ
0%
愛媛県よしうみいきいき館
0%
愛媛県風早の郷風和里
0%
愛媛県小田の郷せせらぎ
0%
福島県さくらの郷
0%
群馬県霊山たけやま
0%
長野県上田 道と川の駅
0%
群馬県上州おにし
0%
新潟県あいぽーと佐渡
0%
栃木県湧水の郷しおや
0%
栃木県たかねざわ 元気あっぷむら
0%
新潟県瀬替えの郷せんだ
0%
香川県ことひき
0%
新潟県雪のふるさと やすづか
0%
群馬県ぐりーんふらわー牧場・大胡
0%
石川県織姫の里なかのと
0%
新潟県花夢里にいつ
0%
新潟県国上
0%
新潟県越後川口
0%
群馬県おのこ
0%
石川県すず塩田村
0%
新潟県よしかわ杜氏の郷
0%
新潟県南魚沼
0%
新潟県西山ふるさと公苑
0%
群馬県草津運動茶屋公園
0%
新潟県パティオにいがた
0%
群馬県こもち
0%
新潟県みつまた
0%
新潟県庭園の郷 保内
0%
群馬県月夜野矢瀬親水公園
0%
石川県桜峠
0%
石川県いおり
0%
新潟県たがみ
0%
新潟県ながおか花火館
0%
新潟県あがの
0%
富山県メルヘンおやべ
0%
群馬県オアシスなんもく
0%
群馬県あぐりーむ昭和
0%
群馬県中山盆地
0%
新潟県いりひろせ
0%
福島県あいづ 湯川・会津坂下
0%
新潟県ちぢみの里おぢや
0%
高知県木の香
0%
高知県めじかの里土佐清水
0%
長野県アルプス安曇野 ほりがねの里
0%
長野県ほっとぱ~く・浅科
0%
長野県マルメロの駅ながと
0%
埼玉県童謡のふる里おおとね
0%
高知県よって西土佐
0%
高知県なかとさ
0%
高知県まきのさんの道の駅・佐川
0%
福島県からむし織の里しょうわ
0%
長野県中条
0%
長野県小坂田公園
0%
群馬県あがつま峡
0%
群馬県くらぶち小栗の里
0%
福島県いいたて村の道の駅までい館
0%
長崎県みずなし本陣ふかえ
0%
福島県尾瀬檜枝岐
0%
福島県伊達の郷りょうぜん
0%
新潟県阿賀の里
0%
新潟県越後出雲崎天領の里
0%
新潟県胎内
0%
新潟県ゆのたに
0%
新潟県良寛の里 わしま
0%
新潟県まつだいふるさと会館
0%
宮崎県ゆ~ぱるのじり
0%
栃木県湯の香しおばら
0%
栃木県那須高原友愛の森
0%
栃木県明治の森・黒磯
0%
新潟県漢学の里しただ
0%
福井県南えちぜん山海里
0%
香川県ふれあいパークみの
0%
山口県萩・さんさん三見
0%
香川県津田の松原
0%
兵庫県神戸フルーツ・フラワーパーク 大沢
0%
秋田県なかせん
0%
北海道ノンキーランド ひがしもこと
0%
奈良県十津川郷
0%
北海道北欧の風 道の駅とうべつ
0%
奈良県ふたかみパーク當麻
0%
秋田県象潟
0%
秋田県東由利
0%
秋田県ことおか
0%
兵庫県銀の馬車道・神河
0%
兵庫県山陰海岸ジオパーク浜坂の郷
0%
秋田県はちもり
0%
奈良県レスティ 唐古・鍵
0%
兵庫県福良
0%
兵庫県あまるべ
0%
秋田県やたて峠
0%
兵庫県ようか但馬蔵
0%
兵庫県但馬のまほろば
0%
兵庫県淡河
0%
宮城県硯上の里おがつ
0%
兵庫県北はりまエコミュージアム
0%
兵庫県東浦ターミナルパーク
0%
兵庫県とうじょう
0%
北海道あかいがわ
0%
奈良県なら歴史芸術文化村
0%
兵庫県宿場町ひらふく
0%
和歌山県明恵ふるさと館
0%
秋田県てんのう
0%
和歌山県くちくまの
0%
北海道おだいとう
0%
和歌山県柿の郷くどやま
0%
和歌山県田辺市龍神ごまさんスカイタワー
0%
和歌山県瀧之拝太郎
0%
和歌山県椿はなの湯
0%
和歌山県白崎海洋公園
0%
和歌山県あらぎの里
0%
和歌山県根来さくらの里
0%
和歌山県水の郷日高川 龍游
0%
北海道縄文ロマン 南かやべ
0%
和歌山県おくとろ
0%
和歌山県奥熊野古道ほんぐう
0%
和歌山県紀の川万葉の里
0%
和歌山県瀞峡街道熊野川
0%
和歌山県紀州備長炭記念公園
0%
和歌山県みなべうめ振興館
0%
和歌山県しらまの里
0%
和歌山県志原海岸
0%
和歌山県イノブータンランド・すさみ
0%
和歌山県龍神
0%
和歌山県ふるさとセンター大塔
0%
兵庫県あゆの里 矢田川
0%
兵庫県播磨いちのみや
0%
和歌山県青洲の里
0%
岩手県種山ヶ原
0%
京都府瑞穂の里・さらびき
0%
宮城県路田里はなやま
0%
京都府ガレリアかめおか
0%
京都府シルクのまち かや
0%
岩手県いわて北三陸
0%
滋賀県浅井三姉妹の郷
0%
岩手県はなまき西南
0%
岩手県むろね
0%
岩手県三田貝分校
0%
岩手県やまびこ館
0%
岩手県のだ
0%
北海道羊のまち 侍・しべつ
0%
岩手県厳美渓
0%
岩手県とうわ
0%
岩手県みずさわ
0%
岩手県にしね
0%
岩手県白樺の里やまがた
0%
三重県パーク七里御浜
0%
岩手県はやちね
0%
三重県奥伊勢木つつ木館
0%
三重県熊野・板屋九郎兵衛の里
0%
三重県熊野きのくに
0%
岩手県くずまき高原
0%
京都府農匠の郷やくの
0%
京都府京都新光悦村
0%
兵庫県うずしお
0%
大阪府とっとパーク小島
0%
宮城県おおさき
0%
北海道びえい「白金ビルケ」
0%
兵庫県杉原紙の里・多可
0%
北海道北オホーツクはまとんべつ
0%
兵庫県但馬楽座
0%
兵庫県やぶ
0%
宮城県みなみかた
0%
宮城県林林館
0%
大阪府奥河内くろまろの郷
0%
大阪府愛彩ランド
0%
大阪府いずみ山愛の里
0%
京都府丹後王国「食のみやこ」
0%
大阪府しらとりの郷・羽曳野
0%
北海道遠軽 森のオホーツク
0%
大阪府能勢(くりの郷)
0%
大阪府近つ飛鳥の里太子
0%
北海道かみしほろ
0%
北海道ガーデンスパ十勝川温泉
0%
宮城県米山
0%
宮城県おおさと
0%
京都府スプリングスひよし
0%
京都府ウッディー京北
0%
京都府美山ふれあい広場
0%
長野県南アルプスむら長谷
0%
北海道うらほろ
0%
和歌山県くしがきの里
0%
広島県湖畔の里福富
0%
山口県サザンセトとうわ
0%
山口県ゆとりパークたまがわ
0%
北海道しほろ温泉
0%
山形県たかはた
0%
広島県西条のん太の酒蔵
0%
山形県庄内みかわ
0%
広島県びんご府中
0%
広島県世羅
0%
北海道名水の郷きょうごく
0%
広島県みはら神明の里
0%
広島県北の関宿安芸高田
0%
山形県あさひまち
0%
広島県クロスロードみつぎ
0%
広島県ふぉレスト君田
0%
広島県ゆめランド布野
0%
広島県アリストぬまくま
0%
広島県よがんす白竜
0%
岐阜県平成
0%
山形県田沢
0%
広島県リストアステーション
0%
和歌山県ねごろ歴史の丘
0%
岡山県笠岡ベイファーム
0%
山口県ハピネスふくえ
0%
山口県おふく
0%
北海道びえい「丘のくら」
0%
徳島県公方の郷なかがわ
0%
福島県ふくしま東和
0%
福島県会津柳津
0%
徳島県みまの里
0%
徳島県ひなの里かつうら
0%
徳島県第九の里
0%
長野県花の里いいじま
0%
徳島県三野
0%
徳島県藍ランドうだつ
0%
徳島県温泉の里神山
0%
徳島県もみじ川温泉
0%
徳島県わじき
0%
山口県みとう
0%
徳島県にしいや
0%
徳島県どなり
0%
福島県裏磐梯
0%
福島県喜多の郷
0%
徳島県貞光ゆうゆう館
0%
山口県潮彩市場防府
0%
北海道あぷた
0%
山口県きらら あじす
0%
山口県蛍街道西ノ市
0%
山形県しょうない
0%
岡山県醍醐の里
0%
岡山県山陽道やかげ宿
0%
山形県鳥海
0%
鳥取県燕趙園
0%
北海道パパスランドさっつる
0%
島根県サンエイト美都
0%
秋田県ひない
0%
島根県グリーンロード大和
0%
北海道みなとま~れ寿都
0%
北海道とうや湖
0%
秋田県おおうち
0%
鳥取県西いなば 気楽里
0%
鳥取県琴の浦
0%
鳥取県にちなん日野川の郷
0%
鳥取県奥大山
0%
鳥取県大山恵みの里
0%
山形県とざわ
0%
北海道北前船 松前
0%
鳥取県清流茶屋 かわはら
0%
鳥取県神話の里 白うさぎ
0%
北海道ステラ★ほんべつ
0%
秋田県みねはま
0%
岐阜県白尾ふれあいパーク
0%
鳥取県北条公園
0%
秋田県岩城
0%
北海道ウトナイ湖
0%
和歌山県海南サクアス
0%
和歌山県四季の郷公園
0%
島根県広瀬・富田城
0%
北海道石狩「あいろーど厚田」
0%
秋田県五城目
0%
島根県サンピコごうつ
0%
山形県むらやま
0%
岡山県黒井山グリーンパーク
0%
岡山県一本松展望園
0%
岡山県みやま公園
0%
岡山県くめなん
0%
山形県いいで
0%
山形県にしかわ
0%
島根県ごいせ仁摩
0%
北海道うとろ・シリエトク
0%
秋田県清水の里・鳥海郷
0%
島根県おろちの里
0%
島根県ロード銀山
0%
秋田県協和
0%
秋田県おおゆ
0%
島根県インフォメーションセンターかわもと
0%
島根県酒蔵奥出雲交流館
0%
秋田県うご
0%
島根県本庄
0%
秋田県おおがた
0%
広島県さんわ182ステーション
0%
岐阜県可児ッテ「CANITTE」
0%
北海道あびら D51ステーション
0%
奈良県吉野路 大淀iセンター
0%
愛媛県みしょうMIC
0%
新潟県R290とちお
0%
愛媛県伯方S・Cパーク
0%
北海道風Wとままえ
0%
広島県遊YOUさろん東城
0%

Score Distribution

Percentile by Number Answered

Percent of People with Each Score

Your Score History

You have not taken this quiz